000 00751nam a2200181Ia 4500
008 151202s9999||||xx |||||||||||||| ||und||
082 _bPNVM-65941
100 _aदेऊळगावकर अतुल.
245 _aस्वामीनाथन भूकमुक्तीचा ध्यास.
260 _b"नवचैतन्य प्रकाशन,मुंबई."
260 _c2008
300 _a183
600 _aदेऊळगावकर अतुल.
630 _aस्वामीनाथन भूकमुक्तीचा ध्यास.
700 _aदेऊळगावकर अतुल.
730 _aस्वामीनाथन भूकमुक्तीचा ध्यास.
942 _cBOOK
999 _c1332473
_d1332470